| 000 | 00397 a2200145 4500 | ||
|---|---|---|---|
| 082 | _a297.5 | ||
| 090 |
_c3891 _d3891 |
||
| 100 | _aNadwi, Syed Abul Hasan Ali. | ||
| 245 |
_aThe Four Pillars of Islam _cSyed Abul Hasan Ali Nadwi |
||
| 260 |
_aIslamabad: _bDawah Academy, _c1998. |
||
| 300 |
_avi, 318 p. ; _c24 cm. |
||
| 500 | _aIncludes Index | ||
| 650 | _aPillars of Islam. | ||
| 942 |
_cBK _k297.5 NAD |
||
| 999 |
_c7791 _d7791 |
||